Normal view MARC view
  • EGIPTO -

Entry Nombre Geográfico

Number of records used in: 3

001 - NÚMERO DE CONTROL

  • campo de control: 12121

003 - IDENTIFICADOR DE NUMERO DE CONTROL

  • campo de control: UPN

005 - FECHA Y HORA DE LA ÜLTIMA TRANSACCIÓN

  • campo de control: 20210219193802.0

008 - DATOS DE LONGITUD FIJA

  • campo de control de longitud fija: nabaccnnaabn|||||||||| b |nc|||||d

035 ## - NÚMERO DE CONTROL

  • Número de control: UPN10000012128

040 ## - FUENTE DE CATALOGACIÓN

  • Lenguaje de catalogación: SPA
  • Agencia de transcripción: UPN

151 ## - ENCABEZAMIENTO - NOMBRE GEOGRÁFICO

  • Nombre geográfico: EGIPTO -
  • Subdivisión general : HISTORIA -
  • Subdivisión cronológica : 18a. DINASTIA, ca. 1570-1320 A.C.

670 ## - FUENTE EN LA QUE SE LOCALIZARON DATOS

  • Información localizada: Egypt- History - Eighteenth dynasty, ca. 1570-1320 B.C.

902 ## - CATALOGADOR

  • Catalogador: MEEG/190509